Filhos de Jacó - Statistics

Estatísticas Gerais
  • Esse quiz foi jogado 57 vezes
    53 desde o último reset
  • A pontuação média é 10 de 13
Estatísticas das Respostas
Mãe Filho % Correto
Raquel José
97%
Lia Judá
97%
Lia Levi
91%
Raquel Benjamim
88%
Bila
85%
Lia Rúben
82%
Bila Naftali
79%
Lia Simeão
71%
Zilpa Aser
65%
Lia Issacar
65%
Zilpa Gade
62%
Lia Zebulom
59%
Lia Diná
50%
Nenhum quiz correspondente encontrado
Distribuição das Pontuações
Porcentagem de Pessoas com Cada Pontuação
Percentil de Números Respondidos
Sua Pontuação Histórica
Você não jogou esse quiz desde o último reset